000 00806nam a2200265 i 4500
001 C2-0284284
003 PPAK
005 20201201110531.0
008 071202s2007 my a|||| ||||| | may d
020 _a9838476587
_a9789838476584
040 _aPPAK
_beng
_cPPAK
_erda
082 0 4 _a306.09595
_223
090 0 0 _a306.09595
_bMEK
_dK
245 0 0 _aMEK MULUNG DAN HAMDOLOK
264 1 _aKepong, Selangor :
_bBuku Must ,
_c2007
300 _a62 pages :
_bcolour illustrations ;
_c22 cm
336 _2rdacontent
_atext
337 _2rdamedia
_aunmediated
338 _2rdacarrier
_avolume
490 1 _aSIRI ANJUNG PEWARIS SENI
650 1 0 _aCulture
_zMalaysia
_xJuvenile literature.
650 2 0 _aFolk dancing
_zMalaysia
_xJuvenile literature.
830 0 _aSiri anjung pewaris seni
942 _cB
_2ddc
999 _c90261
_d90261